000 00714nam a2200241Ia 4500
003 OSt
005 20220926014104.0
006 a|||||r|||| 00| 0
007 ta
008 220923b |||||||| |||| 00| 0 eng d
037 _cGeneral Book
040 _aRTL
_cRTL
_beng
041 _2eng
_aeng
082 _aXM8:8, L1
100 _aZenoff David B
_9313080
245 0 _aInternational business and management
_b Text and ca
260 _aNew York
_bMacmillan
_c1971
300 _axii,320p
_ccm.
500 _aBibliography at the end of each chapter; Appendix: p 224-234
650 _aJoint Stock Company
942 _hXM8:8, L1
_cGB
_2CC
999 _c627789
_d627789